| 000 -CABECERA |
| Longitud fija campo de control |
00973nam a22002417a 4500 |
| 003 - IDENTIFICADOR DEL NÚMERO DE CONTROL |
| Identificador del número de control |
OSt |
| 005 - FECHA Y HORA DE LA ÚLTIMA TRANSACCIÓN |
| Fecha y hora de la última transacción |
20171220140355.0 |
| 008 - CÓDIGOS DE INFORMACIÓN DE LONGITUD FIJA |
| Códigos de información de longitud fija |
171220e201610 spca||| |||| 1|0 0 spa|d |
| 017 ## - NÚMERO DE COPYRIGHT O DE DEPÓSITO LEGAL |
| Número de copyright o de depósito legal |
DL B 17391-2017 (corregit) |
| Agencia que asigna el número |
Biblioteca de Catalunya |
| 020 ## - NÚMERO INTERNACIONAL NORMALIZADO PARA LIBROS |
| Número Internacional Normalizado para Libros (ISBN) |
9788496986695 |
| 040 ## - FUENTE DE LA CATALOGACIÓN |
| Centro catalogador de origen |
ES-BaBC |
| Lengua de catalogación |
cat |
| Centro transcriptor |
CDMR |
| 245 04 - MENCIÓN DE TÍTULO |
| Título |
Els Paisatges de Paco Candel |
| Resto del título |
: jornada d'estudi entorn de l'autor d'Els altres catalans / |
| 260 ## - PUBLICACIÓN, DISTRIBUCIÓN, ETC. (PIE DE IMPRENTA) |
| Lugar de publicación, distribución, etc. |
Barcelona : |
| Nombre del editor, distribuidor, etc. |
Fundació Paco Candel, |
| Fecha de publicación, distribución, etc. |
2016 |
| 300 ## - DESCRIPCIÓN FÍSICA |
| Extensión |
156 pàgines, 7 pàgines de làmines no numerades : |
| Otras características físicas |
il·lustracions (algunes en color) ; |
| Dimensiones |
23 cm |
| 500 ## - NOTA GENERAL |
| Nota general |
Precedeix el títol: 50 anys, Els altres catalans, Francesc Candel |
| 500 ## - NOTA GENERAL |
| Nota general |
A portada: Centre d'Estudis de l'Hospitalet |
| 504 ## - NOTA DE BIBLIOGRAFÍA, ETC |
| Nota de bibliografía, etc. |
Bibliografia |
| 546 ## - NOTA DE LENGUA |
| Nota de lengua |
Textos en català i castellà |
| 600 17 - PUNTO DE ACCESO ADICIONAL DE MATERIA - NOMBRE DE PERSONA |
| Nombre de persona |
Candel, Francisco |
| Fechas asociadas al nombre |
1925-2007 |
| Subdivisión de materia general (R ) |
Crítica i interpretació |
| Fuente de encabezamiento o te&ecute,rmino |
lemac |
| 9 (RLIN) |
2983 |
| 710 2# - PUNTO DE ACCESO ADICIONAL - NOMBRE DE ENTIDAD |
| Nombre de entidad o nombre de jurisdicción como elemento inicial |
Centre d'Estudis de l'Hospitalet |
| 710 2# - PUNTO DE ACCESO ADICIONAL - NOMBRE DE ENTIDAD |
| Nombre de entidad o nombre de jurisdicción como elemento inicial |
Fundació Paco Candel |
| 942 ## - ENTRADA DE ELEMENTOS AGREGADOS (KOHA) |
| Koha [por defecto] tipo de item |
Monografies |